The preschool practice picture dictionary workbook / (Record no. 291970)
[ view plain ]
| 000 -LEADER | |
|---|---|
| fixed length control field | 00781nam a2200241Ia 4500 |
| 008 - FIXED-LENGTH DATA ELEMENTS--GENERAL INFORMATION | |
| fixed length control field | 160319s9999 xx 000 0 und d |
| 020 ## - INTERNATIONAL STANDARD BOOK NUMBER | |
| International Standard Book Number | 0-866110542 |
| 050 ## - LIBRARY OF CONGRESS CALL NUMBER | |
| Classification number | 413 |
| 050 ## - LIBRARY OF CONGRESS CALL NUMBER | |
| Item number | .W982p |
| 100 ## - MAIN ENTRY--PERSONAL NAME | |
| Personal name | Wylie, Dr. Richard E. |
| 245 #4 - TITLE STATEMENT | |
| Title | The preschool practice picture dictionary workbook / |
| 245 ## - TITLE STATEMENT | |
| Statement of responsibility, etc | by Richard E. Wylie ; illustrated by Jesse Zerner ; designed by Fred Isler. |
| 260 ## - PUBLICATION, DISTRIBUTION, ETC. (IMPRINT) | |
| Place of publication, distribution, etc | New York : |
| 260 ## - PUBLICATION, DISTRIBUTION, ETC. (IMPRINT) | |
| Name of publisher, distributor, etc | Playmore, |
| 300 ## - PHYSICAL DESCRIPTION | |
| Other physical details | color illustrations ; |
| 300 ## - PHYSICAL DESCRIPTION | |
| Dimensions | 28 cm. |
| 440 ## - SERIES STATEMENT/ADDED ENTRY--TITLE | |
| Title | Preschool Press practice workbook. |
| 500 ## - GENERAL NOTE | |
| General note | "Teaches your child: basic sight vocabulary, word comprehension, word meaning." |
| 650 ## - SUBJECT ADDED ENTRY--TOPICAL TERM | |
| Topical term or geographic name as entry element | Picture dictionaries. |
| 650 ## - SUBJECT ADDED ENTRY--TOPICAL TERM | |
| Topical term or geographic name as entry element | Vocabulary -- |
| 650 ## - SUBJECT ADDED ENTRY--TOPICAL TERM | |
| Topical term or geographic name as entry element | Vocabulary. |
| 650 ## - SUBJECT ADDED ENTRY--TOPICAL TERM | |
| General subdivision | Juvenile literature. |
| Withdrawn status | Lost status | Damaged status | Home library | Current library | Shelving location | Date acquired | Total Checkouts | Full call number | Barcode | Date last seen | Price effective from | Koha item type |
|---|---|---|---|---|---|---|---|---|---|---|---|---|
| Stonyhurst Southville International School (Batangas) | Stonyhurst Southville International School (Batangas) | Grade School Section | 03/19/2016 | 413 .W982p | LS-3956 | 03/19/2016 | 03/19/2016 | Books |